| 000 | 01770cam a2200301 4500 | ||
|---|---|---|---|
| 005 | 20251014130814.0 | ||
| 008 | 251014b ag |||||||| |||| 00| 0 spa d | ||
| 020 | _a9501402894 (o.c) | ||
| 020 | _a9501402908 (v.1) | ||
| 020 | _a9501403033 (v.2) | ||
| 020 | _a9501403491 (v.3) | ||
| 020 | _a9501403882 (v.4) | ||
| 020 | _a9501404293 (v.5) | ||
| 020 | _a9501404617 (v.6) | ||
| 020 | _a9501404986 (v.7) | ||
| 020 | _a9501405249 (v.8) | ||
| 020 | _a9501405303 (v.9) | ||
| 050 | 0 | 4 |
_aKHA250 _bG38 1986 |
| 100 | 1 | _aGattari, Carlos Nicolás | |
| 245 | 0 |
_aPráctica notarial _c / Carlos Nicolás Gattari |
|
| 250 | _a1a ed. | ||
| 260 |
_aBuenos Aires : _bEdiciones Depalma, _c1986 |
||
| 300 |
_a9 v. ; _c24 cm. |
||
| 504 | _aIncluye bibliografía | ||
| 505 |
_tV.1 compraventa I-A, Modelos de escrituras, Comparecencia, Declaraciones de los sujetos negociales -- _tV.2 compraventa I-B, Constancias notariales, Instrumento notarial -- _tV.3 Poder irrevocable, Bien de familia, Actos previos a la escrituras, El porque de lo notarial -- _tV.4 Donación, Dación en pago, El notario, creador de derecho -- _tV.5 Certificación de formas, Confirmación y ratificación, Usufructo, Instrumento notarial y documento administrativo -- _tV.6 Los menores en el instrumento notarial, Expedición de copias, Valores de la escritura pública -- _tV.7 Actos de subsanación, Actos postescriturarios, Renta vitalicia, Distracto, Los certificados registrales, La imparcialidad del notario _r / (con la colaboración de Juan Alberto Gardey) -- _tV.8 Escrituras judiciales y conexas con juicios, Tracto abreviado, Asesoramiento notarial -- _tV.9 Hipotecas, Buques y aeronaves, Secreto profesional y notarial. |
||
| 650 | 7 |
_2lemb _aDerecho notarial _xArgentina |
|
| 942 |
_2lcc _cLIB |
||
| 999 |
_c133848 _d133848 |
||